Stadi Serie C girone B - Statistics

Statistiche generali
  • Questo quiz è stato fatto 16 volte
  • Il punteggio medio è 6 su 20
Statistiche sulle risposte
Squadra Stadio % Corretto
Pescara Adriatico
80%
Ternana Libero Liberati
67%
Lucchese Porta Elisa
53%
Perugia Renato Curi
53%
Spal Paolo Mazza
47%
Arezzo Città di Arezzo
40%
Campobasso Nuovo Romagnoli
40%
Carpi Sandro Cabassi
40%
Virtus Entella Comunale di Chiavari
33%
Rimini Romeo Neri
33%
Vis Pesaro Tonino Benelli
33%
Pontedera Ettore Mannucci
27%
Torres Vanni Sanna
27%
Gubbio Pietro Barbetti
20%
Milan Futuro Felice Chinetti Stadium
13%
Legnago Mario Sandrini
13%
Sestri Levante Giuseppe Sivori
7%
Pianese Carlo Zecchini
0%
Ascoli Cino e Lillo Del Luca
0%
Pineto Druda
0%
Nessun quiz corrispondente trovato
Distribuzione punteggi
Percentuale di utenti per punteggio
Percentile per numero di risposta
I tuoi punteggi nel tempo
Non hai fatto questo quiz